| 000 | 00742nam a22001817a 4500 | ||
|---|---|---|---|
| 999 |
_c60679 _d60679 |
||
| 005 | 20231006112530.0 | ||
| 008 | 231006s1959 rm ||||| |||| 00| 0 rum d | ||
| 041 | _arum | ||
| 080 | _a902 D-15 | ||
| 100 |
_aDaicoviciu, Constantin _920011 |
||
| 245 |
_aSarmizegetusa: _bcetățile și așezările dacice din Munții Orăștiei / _cConstantin Daicoviciu, Hadrian Daicoviciu. |
||
| 264 |
_aBucuresti, _c1959. |
||
| 300 |
_a40 p. : _bill.; _c21 cm. |
||
| 653 | _aსარმიზეგეტუსა | ||
| 653 | _aდაკიის ციხესიმაგრეები და დასახლებები ორაშტიეს მთებში | ||
| 700 |
_aDaicoviciu, Hadrian _dავტორი _920012 |
||
| 942 |
_2udc _cBK |
||